000 01271cam a2200349 a 4500
001 3959769
003 ARRUPE
005 20161010143138.0
008 940401s1994 mau b 001 0 eng
010 _a 94015460
020 _a0896084965 (cloth)
020 _a0896084957 (pbk.)
040 _aDLC
_cDLC
_dDLC
043 _ad------
050 0 0 _aHG3881.5.W57A15 1994
082 0 0 _a332.1/52
_220
100 _aKevin Danaher.
_926655
245 0 0 _a50 years is enough :
_bthe case against the World Bank and the International Monetary Fund /
_cedited by Kevin Danaher.
260 _aBoston, Mass. :
_bSouth End Press,
_cc1994.
300 _axiii, 210 p. ;
_c23 cm.
504 _aIncludes bibliographical references (p. 188-189) and index.
610 2 0 _aWorld Bank.
_910370
610 2 0 _aInternational Monetary Fund.
_926656
650 0 _aEconomic assistance.
_926657
650 0 _aStructural adjustment (Economic policy)
_925211
651 0 _aDeveloping countries
_xEconomic conditions.
_926658
700 1 _aDanaher, Kevin,
_d1950-
_926659
740 0 _aFifty years is enough.
906 _a7
_bcbc
_corignew
_d1
_eocip
_f19
_gy-gencatlg
942 _2lcc
_cMONOGRAPH
999 _c125485
_d125485